Disney TV Theme Songs - Statistics

General Stats
  • This quiz has been taken 217 times
  • The average score is 7 of 14
Answer Stats
Lyric TV Show % Correct
You get the limo out front / Hottest styles, every shoe, every color Hannah Montana
84%
Oh, oh, oh, oh, oh, oh, oh, oh / Hey ____! Hey ____! Jessie
74%
I'm up with the sunshine / I lace up my high tops Liv & Maddie
65%
If you gaze into the future / You might think life would be a breeze That's So Raven
65%
Well you know everything's gonna be a breeze / The end will no doubt justify the means Wizards of Waverly Place
65%
When the crowd wants more / I bring on the thunder Austin & Ally
60%
Everybody everybody get out on the floor / It can get a little crazy when the kick hits the floor Shake It Up
57%
Today's all burnt toast / Running late and dad jokes Good Luck Charlie
56%
Everybody's got their thing / Something different we all bring A.N.T. Farm
42%
Come along with me / Let's head out to sea Suite Life on Deck
40%
Here I am in your life / Here you are in mine Suite Life of Zack and Cody
35%
Off on the races I'm going places / Might be a long shot not gonna waste it Sonny With A Chance
30%
If you believe / We've got a picture perfect plan Lizzie McGuire
19%
I'm the new kid moving in getting it done Cory In The House
11%
No matching quizzes found
Score Distribution
Percent of People with Each Score
Percentile by Number Answered
Your Score History
You have not taken this quiz